000 00568nam a2200205Ia 4500
005 20250326142523.0
008 250326s9999 xx 000 0 und d
020 _a0-13-55031-X
037 _aTextbook
040 _aFMSL
_beng
_cFMSL
041 _aeng
_2eng
084 _aX:51.1 M8
_qFMSL
100 _aCundiff E W
245 0 _aMarketing in the international environment
_cCundiff E W; Hilger M T
250 _a2
260 _aNew Delhi
_bNew Delhi, Prentice Hall
_c1988
300 _a624p
942 _cTB
_hX:51.1 M8
999 _c1295415
_d1295415